| 000 | 00647nam a2200193Ii 4500 | ||
|---|---|---|---|
| 003 | JO-AjNU | ||
| 008 | 230605s9999||||xx |||||||||||||| ||und|| | ||
| 040 |
_aJO-AjNU _bara _erda _cJO-AjNU |
||
| 041 | _aara | ||
| 050 | 1 | 4 | _aQH581.2 1998 |
| 100 | 3 |
_aحمدي ، امين رشيد, _eauthor _936605 |
|
| 245 | 0 | 0 | _aعلم الخلية والوراثة وظائف الاعضاء |
| 264 | 3 | 1 | _aالقاهرة:دار الكتب الحديثة ، 1998 |
| 300 | _a609ص | ||
| 336 |
_atext _btxt _2rdacontent |
||
| 337 |
_aunmediated _bn _2rdamedia |
||
| 338 |
_avolume _bnc _2rdacarrier |
||
| 650 | 4 |
_aعلم الخلية-علم الوراثة _936606 |
|
| 999 |
_aA15223 _c18791 _d18791 |
||